The Aztecs (Record no. 115905)
[ view plain ]
| 000 -LEADER | |
|---|---|
| fixed length control field | 01613nam a2200349 a 4500 |
| 082 04 - DEWEY DECIMAL CLASSIFICATION NUMBER | |
| Classification number | 972 |
| 100 1# - MAIN ENTRY--AUTHOR NAME | |
| Personal name | Carrasco, David. |
| 245 14 - TITLE STATEMENT | |
| Title | The Aztecs |
| 260 ## - PUBLICATION, DISTRIBUTION, ETC. (IMPRINT) | |
| Place of publication | Oxford ; |
| -- | New York : |
| Name of publisher | Oxford University Press, |
| Year of publication | 2011. |
| 300 ## - PHYSICAL DESCRIPTION | |
| Number of Pages | xiv, 138 p. |
| 490 1# - SERIES STATEMENT | |
| Series statement | Very short introductions |
| 505 0# - FORMATTED CONTENTS NOTE | |
| Formatted contents note | The city of Tenochtitlan : center of the Aztec world -- Aztec foundations : Aztlan, cities, peoples -- Aztec expansion through conquest and trade -- Cosmovision and human sacrifice -- Women and children : weavers of life and precious necklaces -- Wordplay, philosophy, sculpture -- The fall of the Aztec empire -- The return of the Aztecs. |
| 650 #0 - SUBJECT ADDED ENTRY--TOPICAL TERM | |
| Topical Term | Aztecs. |
| 856 40 - ELECTRONIC LOCATION AND ACCESS | |
| Uniform Resource Identifier | http://site.ebrary.com/lib/rucke/Doc?id=10509749 |
No items available.
